000 01086nam a2200289 4500
003 EG-GICUC
005 20260121101647.0
008 260105s2001 ua ||||fr|||| 00| 0 ara d
040 _a EG-GICUC
_bara
_c EG-GICUC
_d EG-GICUC
_erda
041 0 _aara
082 0 4 _221
_a345.7
_bس ع . ع
092 0 4 _221
099 _aLaw1 07 345.7 س ع . ع 2 ed - 2001
100 0 _aسعاد الشرقاوي
_eمؤلف.
245 1 2 _aالعقود الإدارية /
_cسعاد الشرقاوي
250 _aالطبعة الثانية مزيدة ومعدلة
264 1 _aالقاهرة :
_bدار النهضة العربية،
_c[2001].
300 _a438 صفحة ؛
_c24 سم.
336 _2rda content
_atext
337 _2rda media
_aComputer
338 _2rda carrier
_aOnline Resource
546 _aالنص أغلبه باللغة العربية مع بعض النصوص الفرنسية
650 1 4 _aالعقود الإدارية
_xالقانون الاداري
856 4 0 _uhttps://fll.law.cu.edu.eg/fulltext/bks/B07-02465.pdf
905 _a75
942 _2ddc
_n0
_cBK
_e21
999 _c54536
_d54536